| 000 | 01103cab a2200217 4500 | ||
|---|---|---|---|
| 001 | ABS68169 | ||
| 008 | 040903n2004 000 0 eng u | ||
| 035 | _a(Sirsi) u127263 | ||
| 100 | _aMorrison, D. | ||
| 245 | _aSpecial report: mixed-use development | ||
| 260 | _c2004 | ||
| 490 |
_aProperty Week _v69(30) 23 July 2004, 69-76(6) |
||
| 520 | _a"The man who made it happen" while his latest project in Tokyo develops, Sir Terence Conran looks back on his 1980s battle to make Butler's Wharf in London the first UK's first mixed-use development. "House hunting" examines how mixed-use developers are chasing a number of schemes to deliver government's affordable housing targets. The final article "Mixed results" reports that some analysts believe Berkeley Group is entering a difficult market with its focus on mixed-use urban projects, but research reveals that such projects yield superior returns. | ||
| 590 | _aABS | ||
| 650 | _aREGENERATION PROJECTS | ||
| 650 | _aBUTLERS WHARF | ||
| 650 | _aMIXED-USE DEVELOPMENTS | ||
| 650 | _aURBAN RENEWAL | ||
| 690 | _aREGENERATION | ||
| 942 | _n0 | ||
| 999 |
_c74526 _d74526 |
||